00510nam a2200133Ia 4500008004100000100002800041245008600069245007300155260005300228260000900281300001000290650001500300856006100315170221s9999 xx 000 0 und d aWathiq Laftah Al-Yaseen 2aA Large Data Exchange Method for Multi-agent in Java Agent Development Framework  cWathiq Laftah Al-Yaseen, Zulaiha Ali Othman, Mohd Zakree Ahmad Nazri bInternational Review of Management and Marketing c2013 a4 : 2 xMarketing. uhttp://www.econjournals.com/index.php/irmm/issue/view/97